000 01195nam a22003017a 4500
001 7795
003 FISKH
005 20250807095846.0
008 250807b cb ||||| |||| 00| 0 eng d
020 _a9780545483292
040 _aFISKH
_beng
_cFISKH
_dFISKH
050 _aPZ7
082 _a324.973
100 _aSilbert, Jack
245 _aHonest ABE's guide to presidential elections /
_cBy Jack Silbert ; Illustrated by Jim Paillot
250 _aThis edition first published in 2012
260 _aNew York :
_bScholastic,
_c2012
300 _a32 pages :
_bcolor illustrations ;
_c23 cm
505 _aR
520 _aI'm President Abraham Lincoln, the sixteenth president of the United States. You can call me Honest Abe. Follow me and I'll tell you all about presidential elections. You'll learn who can run, how to vote, and how a winner is chosen. You'll get to know the political parties, the Electoral College, and so much more!"--Back cover.
521 8 _a750
_bLexile
521 8 _aR
_bRaz-Plus
650 _2American history
_aInformational
650 _2US history
_aSocial studies
700 _aPaillot, Jim
_dillustrator
942 _2ddc
_cBK
_n0
999 _c7795
_d7795